| 000 | 00757nam a22002057a 4500 | ||
|---|---|---|---|
| 005 | 20100810133910.0 | ||
| 010 | _aENG-99369 | ||
| 020 |
_a8171981518 _c125.00 |
||
| 035 | _aEN-82901 | ||
| 037 | _bDBAD/PUB | ||
| 082 | _a301.153 | ||
| 100 |
_aGauba,O P _910086 |
||
| 245 |
_aReading Gandhi : _bInterdisciplinary approach to the study of Gandhian political philosophy / _cby O P Gauba |
||
| 260 |
_aNoida _bMayur Peperbacks _c2009 |
||
| 270 |
_aA-95 Sector-5 Noida _bNoida _e201301 |
||
| 300 |
_avi,187p _c22cm(pbk) |
||
| 500 | _aIncludes index | ||
| 942 |
_2ddc _cEN _h301.153 _mGAU |
||
| 999 |
_c40643 _d40643 |
||